00481nam a2200121 a 450000500170000000800410001705000190005810000150007724500350009225000210012726000370014852001740018520140414131911.0101012s19uu xx 00 eng d aERbWh555 2006 aDodd, Emma aWhat pet to get? /cEmma Dodd. a1st American ed. aNew York :bScholastic ,c2006. aJack's mother agrees that he may have a pet, but when he suggests everything from an elephant to a tyrannosaurus res, she must explain why each would be less than ideal.